<?xml version="1.0" encoding="UTF-8"?>
<record
    xmlns:xsi="http://www.w3.org/2001/XMLSchema-instance"
    xsi:schemaLocation="http://www.loc.gov/MARC21/slim http://www.loc.gov/standards/marcxml/schema/MARC21slim.xsd"
    xmlns="http://www.loc.gov/MARC21/slim">

  <leader>02330nam a2200313 u 4500</leader>
  <controlfield tag="001">1448378</controlfield>
  <controlfield tag="005">20260508090648.0</controlfield>
  <controlfield tag="007">co|||||||</controlfield>
  <controlfield tag="008">160818s2016                        spa  </controlfield>
  <datafield tag="035" ind1=" " ind2=" ">
    <subfield code="a">1448378</subfield>
  </datafield>
  <datafield tag="040" ind1=" " ind2=" ">
    <subfield code="c">comduadb</subfield>
  </datafield>
  <datafield tag="041" ind1=" " ind2=" ">
    <subfield code="a">spa</subfield>
  </datafield>
  <datafield tag="082" ind1=" " ind2="4">
    <subfield code="a">428</subfield>
  </datafield>
  <datafield tag="100" ind1="1" ind2="0">
    <subfield code="a">Gil Guevara, Nelson Olmedo</subfield>
    <subfield code="4">aut</subfield>
    <subfield code="e">aut</subfield>
    <subfield code="9">757542</subfield>
  </datafield>
  <datafield tag="245" ind1="1" ind2="0">
    <subfield code="a">Communities of practice : professional development opportunities for EFL regional teachers</subfield>
  </datafield>
  <datafield tag="260" ind1=" " ind2=" ">
    <subfield code="a">Medell&#xED;n :</subfield>
    <subfield code="b">Autores (as),</subfield>
    <subfield code="c">2016.</subfield>
  </datafield>
  <datafield tag="300" ind1=" " ind2=" ">
    <subfield code="a">1 CD-ROM</subfield>
  </datafield>
  <datafield tag="520" ind1="3" ind2=" ">
    <subfield code="a">"Los profesores universitarios EFL ubicadas en contextos rurales no tienen las mismas oportunidades de desarrollo profesional que sus pares en los entornos urbanos. Sus caracter&#xED;sticas particulares requieren estrategias de desarrollo profesional adaptados a sus condiciones espec&#xED;ficas. Este estudio de caso explora los efectos de una comunidad de pr&#xE1;cticas implementadas a trav&#xE9;s de un sitio de redes sociales en un grupo de veinticinco profesores universitarios de ingl&#xE9;s como lengua extranjera en un contexto regional en Colombia. Los datos recogidos para este estudio incluyeron entrevistas en profundidad, un encuentro de grupos focales, las muestras de las interacciones entre miembros en el sitio de redes sociales, y el diario del investigador. Los resultados de este estudio sugieren que las comunidades de pr&#xE1;ctica mediadas tecnol&#xF3;gicamente como una estrategia para el desarrollo profesional en contextos regional fomenta la potenciaci&#xF3;n de su papel de Profesor, fomentan la reflexi&#xF3;n sobre su pr&#xE1;ctica, y promueven el trabajo en colaboraci&#xF3;n para resolver situaciones problem&#xE1;ticas y la integraci&#xF3;n de las herramientas inform&#xE1;ticas para las pr&#xE1;cticas en el aula. Sin embargo, debido a los diferentes niveles de participaci&#xF3;n en la comunidad de pr&#xE1;ctica no todos los miembros obtienen los mismos beneficios."</subfield>
  </datafield>
  <datafield tag="650" ind1=" " ind2="7">
    <subfield code="a">Profesores de Ingl&#xE9;s</subfield>
    <subfield code="2">embne</subfield>
    <subfield code="9">152661</subfield>
  </datafield>
  <datafield tag="650" ind1=" " ind2=" ">
    <subfield code="a">Trabajo colaborativo</subfield>
    <subfield code="9">167129</subfield>
  </datafield>
  <datafield tag="650" ind1=" " ind2=" ">
    <subfield code="a">Ense&#xF1;anza de lenguas extranjeras</subfield>
    <subfield code="9">42546</subfield>
  </datafield>
  <datafield tag="650" ind1=" " ind2=" ">
    <subfield code="a">Desarrollo profesional</subfield>
    <subfield code="9">138657</subfield>
  </datafield>
  <datafield tag="650" ind1=" " ind2="7">
    <subfield code="a">Redes sociales en Internet</subfield>
    <subfield code="2">embne</subfield>
    <subfield code="9">187978</subfield>
  </datafield>
  <datafield tag="700" ind1="1" ind2="0">
    <subfield code="a">Mu&#xF1;oz Mar&#xED;n, Jorge Hugo</subfield>
    <subfield code="4">ths</subfield>
    <subfield code="e">ths</subfield>
    <subfield code="9">326541</subfield>
  </datafield>
  <datafield tag="856" ind1="4" ind2=" ">
    <subfield code="u">http://bibliotecadigital.udea.edu.co/dspace/handle/10495/4662</subfield>
  </datafield>
  <datafield tag="942" ind1=" " ind2=" ">
    <subfield code="c">TESIS</subfield>
  </datafield>
  <datafield tag="999" ind1=" " ind2=" ">
    <subfield code="c">742672</subfield>
    <subfield code="d">742672</subfield>
  </datafield>
  <datafield tag="502" ind1=" " ind2=" ">
    <subfield code="b">12</subfield>
    <subfield code="c">3</subfield>
  </datafield>
  <datafield tag="526" ind1=" " ind2=" ">
    <subfield code="a">12</subfield>
  </datafield>
  <datafield tag="952" ind1=" " ind2=" ">
    <subfield code="0">0</subfield>
    <subfield code="1">0</subfield>
    <subfield code="4">0</subfield>
    <subfield code="7">0</subfield>
    <subfield code="8">TESDIGBC</subfield>
    <subfield code="a">BC</subfield>
    <subfield code="b">BC</subfield>
    <subfield code="d">2016-08-18</subfield>
    <subfield code="e">Material adquirido por donaci&#xF3;n</subfield>
    <subfield code="i">C1249531</subfield>
    <subfield code="l">0</subfield>
    <subfield code="o">428.007 G463 CD-ROM</subfield>
    <subfield code="p">1018402</subfield>
    <subfield code="r">2023-05-03 00:00:00</subfield>
    <subfield code="t">1</subfield>
    <subfield code="w">2023-05-03</subfield>
    <subfield code="y">DIGITAL</subfield>
  </datafield>
  <datafield tag="952" ind1=" " ind2=" ">
    <subfield code="0">0</subfield>
    <subfield code="1">0</subfield>
    <subfield code="2">ddc</subfield>
    <subfield code="4">0</subfield>
    <subfield code="7">0</subfield>
    <subfield code="8">TESIS</subfield>
    <subfield code="a">SIMI</subfield>
    <subfield code="b">SIMI</subfield>
    <subfield code="d">2024-06-17</subfield>
    <subfield code="l">0</subfield>
    <subfield code="o">TM CRI 428/156 e.2</subfield>
    <subfield code="p">1052918</subfield>
    <subfield code="r">2024-06-17 00:00:00</subfield>
    <subfield code="t">3</subfield>
    <subfield code="w">2024-06-17</subfield>
    <subfield code="y">TESIS</subfield>
  </datafield>
  <datafield tag="952" ind1=" " ind2=" ">
    <subfield code="0">0</subfield>
    <subfield code="1">0</subfield>
    <subfield code="2">ddc</subfield>
    <subfield code="4">0</subfield>
    <subfield code="7">0</subfield>
    <subfield code="8">TESIS</subfield>
    <subfield code="a">SIMI</subfield>
    <subfield code="b">SIMI</subfield>
    <subfield code="d">2024-06-17</subfield>
    <subfield code="l">0</subfield>
    <subfield code="o">TM CRI 428/156 e.3</subfield>
    <subfield code="p">1053150</subfield>
    <subfield code="r">2024-10-18 00:00:00</subfield>
    <subfield code="t">4</subfield>
    <subfield code="w">2024-06-17</subfield>
    <subfield code="y">TESIS</subfield>
  </datafield>
</record>
